Southville International School and Colleges
Your cart is empty.
  • Cart
  • Lists
    Public lists Eva Luna New books Lux_list list_1
    Your lists Log in to create your own lists
  • Log in to your account
  • Your cookies
  • Search history
Southville International School and Colleges
  • Advanced search
  • Recent comments
  • Most popular
  • Libraries

Log in to your account

Log in with GOOGLE


If you do not have an external account, but do have a local account, you can still log in:

  1. Home
  2. MARC view: The merchant of Venice /
Normal view MARC view ISBD view

The merchant of Venice / (Record no. 9435)

[ view plain ]
MARC details
000 -LEADER
fixed length control field 01416pam a2200373 a 4500
001 - CONTROL NUMBER
control field 1479463
003 - CONTROL NUMBER IDENTIFIER
control field OSt
005 - DATE AND TIME OF LATEST TRANSACTION
control field 20140310182114.0
008 - FIXED-LENGTH DATA ELEMENTS--GENERAL INFORMATION
fixed length control field 871224s1988 njua j 001 0 eng
010 ## - LIBRARY OF CONGRESS CONTROL NUMBER
LC control number 87037204
020 ## - INTERNATIONAL STANDARD BOOK NUMBER
International Standard Book Number 0745150195
040 ## - CATALOGING SOURCE
Original cataloging agency DLC
Transcribing agency DLC
Modifying agency DLC
042 ## - AUTHENTICATION CODE
Authentication code lcac
050 00 - LIBRARY OF CONGRESS CALL NUMBER
Classification number PR 2825
Item number .Sh527 1992
082 00 - DEWEY DECIMAL CLASSIFICATION NUMBER
Classification number HS 822.33P3
Item number M898 1992
100 1# - MAIN ENTRY--PERSONAL NAME
Personal name Mulherin, Jennifer.
9 (RLIN) 13575
245 14 - TITLE STATEMENT
Title The merchant of Venice /
Statement of responsibility, etc by Jennifer Mulherin ; illustrations by Norman Bancroft-Hunt.
260 ## - PUBLICATION, DISTRIBUTION, ETC. (IMPRINT)
Place of publication, distribution, etc Bath, Avon :
Name of publisher, distributor, etc Cherry Tree Books,
Date of publication, distribution, etc 1992.
300 ## - PHYSICAL DESCRIPTION
Extent 32 p. :
Other physical details col. : ill. ;
Dimensions 21 cm.
490 1# - SERIES STATEMENT
Series statement Shakespeare for everyone
500 ## - GENERAL NOTE
General note Includes index.
520 ## - SUMMARY, ETC.
Summary, etc Discusses the plot, characters, and historical background of the Shakespeare play.
541 ## - IMMEDIATE SOURCE OF ACQUISITION NOTE
-- 1
541 ## - IMMEDIATE SOURCE OF ACQUISITION NOTE
-- 2
600 10 - SUBJECT ADDED ENTRY--PERSONAL NAME
Personal name Shakespeare, William,
Dates associated with a name 1564-1616.
Title of a work Merchant of Venice
General subdivision Juvenile literature.
9 (RLIN) 13613
600 11 - SUBJECT ADDED ENTRY--PERSONAL NAME
Personal name Shakespeare, William,
Dates associated with a name 1564-1616.
Title of a work Merchant of Venice.
9 (RLIN) 13614
650 #0 - SUBJECT ADDED ENTRY--TOPICAL TERM
Topical term or geographic name as entry element Shylock (Fictitious character)
Form subdivision Juvenile literature.
9 (RLIN) 13615
650 #0 - SUBJECT ADDED ENTRY--TOPICAL TERM
Topical term or geographic name as entry element Jews in literature
Form subdivision Juvenile literature.
9 (RLIN) 13616
650 #1 - SUBJECT ADDED ENTRY--TOPICAL TERM
Topical term or geographic name as entry element English literature
General subdivision History and criticism.
9 (RLIN) 13617
700 2# - ADDED ENTRY--PERSONAL NAME
Personal name Bancroft-Hunt, Norman,
Relator term ill.
9 (RLIN) 13618
800 1# - SERIES ADDED ENTRY--PERSONAL NAME
Personal name Mulherin, Jennifer.
Title of a work Shakespeare for everyone.
9 (RLIN) 13619
906 ## - LOCAL DATA ELEMENT F, LDF (RLIN)
a 7
b cbc
c orignew
d 1
e ocip
f 19
g y-gencatlg
942 ## - ADDED ENTRY ELEMENTS (KOHA)
Source of classification or shelving scheme Library of Congress Classification
Koha item type
Call number prefix
Holdings
Withdrawn status Lost status Source of classification or shelving scheme Damaged status Home library Current library Shelving location Date acquired Total Checkouts Full call number Barcode Date last seen Copy number Price effective from Koha item type
    Library of Congress Classification   Luxembourg Library Luxembourg Library High School Section 08/24/2013   PR 2825 .Sh527 1992 1089 08/24/2013 1 08/24/2013 Books
    Library of Congress Classification   Luxembourg Library Luxembourg Library High School Section 08/24/2013   PR 2825 .Sh527 1992 2081 05/25/2015 1 08/24/2013 Books

The merchant of Venice /

APA

Mulherin J., Bancroft-Hunt N., . (1992). The merchant of Venice. Bath, Avon: Cherry Tree Books.

Chicago

Mulherin Jennifer, Bancroft-Hunt Norman, . 1992. The merchant of Venice. Bath, Avon: Cherry Tree Books.

Harvard

Mulherin J., Bancroft-Hunt N., . (1992). The merchant of Venice. Bath, Avon: Cherry Tree Books.

MLA

Mulherin Jennifer, Bancroft-Hunt Norman, . The merchant of Venice. Bath, Avon: Cherry Tree Books. 1992.

  • Place hold
  • Print
  • Cite
  • Add to your cart (remove)
  • Save record
    BIBTEX Dublin Core MARCXML MARC (non-Unicode/MARC-8) MARC (Unicode/UTF-8) MARC (Unicode/UTF-8, Standard) MODS (XML) RIS
  • More searches
    Search for this title in:
    Other Libraries (WorldCat) Other Databases (Google Scholar) Online Stores (Bookfinder.com) Open Library (openlibrary.org)

Exporting to Dublin Core...

SOUTHVILLE LIBRARY

Southville International School and Colleges Library

1281 Tropical Ave. Cor. Luxembourg St., BF Homes International, Las Pinas City

Tel. No. 8256374 / 252358 Loc. 117/146

Powered by Koha